00497nam a22001697a 45000050016000000100015000160200026000310350013000570370013000700820012000831000020000952450076001152600041001912700056002323000027002886500012003152010081401351.0 aENG-100657 a9788190901376c595.00 aEN-84190 bDBAD/PUB a808.883 aTejani, Mohezin aThank you, IDI amin:cby Mohezin Tejaniba memoir of the Asian exodus / aNew DelhibGlobal Vision Pressc2010 bNew Delhie110002a4855/24, Ansari Road, Daryaganj, axiii, 256p.c22cm (Hb) aMemoire